<?xml version="1.0" encoding="UTF-8"?>
<collection xmlns:xsi="http://www.w3.org/2001/XMLSchema-instance" xsi:schemaLocation="http://www.loc.gov/MARC21/slim http://www.loc.gov/standards/marcxml/schema/MARC21slim.xsd" xmlns="http://www.loc.gov/MARC21/slim">
 <record>
  <leader>00000ctm a22000004a 4500</leader>
  <controlfield tag="001">UP-99796217609195603</controlfield>
  <controlfield tag="003">Buklod</controlfield>
  <controlfield tag="005">20100309123341.0</controlfield>
  <controlfield tag="006">m    |o  d |      </controlfield>
  <controlfield tag="007">ta</controlfield>
  <controlfield tag="008">100309s2009    xx     d     r    |||| u|</controlfield>
  <datafield tag="035" ind1=" " ind2=" ">
   <subfield code="a">(iLib)UPD-00128801215</subfield>
  </datafield>
  <datafield tag="040" ind1=" " ind2=" ">
   <subfield code="a">DEDUC</subfield>
  </datafield>
  <datafield tag="041" ind1=" " ind2=" ">
   <subfield code="a">eng</subfield>
  </datafield>
  <datafield tag="042" ind1=" " ind2=" ">
   <subfield code="a">DMLUC</subfield>
  </datafield>
  <datafield tag="090" ind1=" " ind2=" ">
   <subfield code="a">LG 995 2009 E35</subfield>
   <subfield code="b">M67</subfield>
  </datafield>
  <datafield tag="100" ind1="1" ind2=" ">
   <subfield code="a">Moratilla, Noel Christian A.</subfield>
  </datafield>
  <datafield tag="245" ind1="1" ind2="0">
   <subfield code="a">Filipino and Korean students' schema and reading comprehension of folk narratives in English</subfield>
   <subfield code="c">Noel Christian A. Moratilla.</subfield>
  </datafield>
  <datafield tag="264" ind1=" " ind2="1">
   <subfield code="c">2009.</subfield>
  </datafield>
  <datafield tag="300" ind1=" " ind2=" ">
   <subfield code="a">xiii, 125 leaves</subfield>
   <subfield code="b">ill.</subfield>
  </datafield>
  <datafield tag="500" ind1=" " ind2=" ">
   <subfield code="a">&quot;March 2009.&quot;</subfield>
  </datafield>
  <datafield tag="502" ind1=" " ind2=" ">
   <subfield code="a">Thesis (M.A. Language Education)--University of the Philippines Diliman.</subfield>
  </datafield>
  <datafield tag="520" ind1="3" ind2=" ">
   <subfield code="a">The purpose of this study was to establish the relationship between cultural/referential background, also known as scheme, and the reading comprehension of folk narratives in English.  Fifteen Korean and 15 Filipino graduating high school students were selected for the study.  They were asked to read two folk narratives, one from the Philippines and the other from Korea, both of which were written in English.  The mean of the grades of the students were compared and analyzed.  Results showed that the participants scored higher in retelling narratives from the country of their origin.  Retelling of a text of the reader's own culture showed easy recall of details, more effective sense of engagement with the text and construction of generalizatios and summaries.  When the text reflects another culture, the retelling contains awkward syntax and fails to include culture-specific items in relation to the other country.</subfield>
  </datafield>
  <datafield tag="650" ind1=" " ind2="0">
   <subfield code="a">Reading comprehension</subfield>
   <subfield code="z">Philippines</subfield>
   <subfield code="z">Fairview (Quezon City).</subfield>
  </datafield>
  <datafield tag="650" ind1=" " ind2="0">
   <subfield code="a">Reading</subfield>
   <subfield code="x">Ability testing</subfield>
   <subfield code="z">Philippines</subfield>
   <subfield code="z">Fairview (Quezon City).</subfield>
  </datafield>
  <datafield tag="650" ind1=" " ind2="0">
   <subfield code="a">Filipino students</subfield>
   <subfield code="x">Rating of</subfield>
   <subfield code="z">Philippines</subfield>
   <subfield code="z">Fairview (Quezon City).</subfield>
  </datafield>
  <datafield tag="650" ind1=" " ind2="0">
   <subfield code="a">Korean students</subfield>
   <subfield code="x">Rating of</subfield>
   <subfield code="z">Philippines</subfield>
   <subfield code="z">Fairview (Quezon City).</subfield>
  </datafield>
  <datafield tag="650" ind1=" " ind2="0">
   <subfield code="a">Folk literature, Philippine.</subfield>
  </datafield>
  <datafield tag="650" ind1=" " ind2="0">
   <subfield code="a">Philippine literature (English)</subfield>
  </datafield>
  <datafield tag="691" ind1="2" ind2="4">
   <subfield code="a">Far Estern University-FERN.</subfield>
   <subfield code="b">High school Department</subfield>
   <subfield code="x">Students.</subfield>
  </datafield>
  <datafield tag="905" ind1=" " ind2=" ">
   <subfield code="a">FI</subfield>
  </datafield>
  <datafield tag="905" ind1=" " ind2=" ">
   <subfield code="a">UP</subfield>
  </datafield>
  <datafield tag="852" ind1="0" ind2=" ">
   <subfield code="a">UPD</subfield>
   <subfield code="b">DARCHIVES</subfield>
   <subfield code="h">LG 995 2009 E35</subfield>
   <subfield code="i">M67</subfield>
  </datafield>
  <datafield tag="852" ind1="0" ind2=" ">
   <subfield code="a">UPD</subfield>
   <subfield code="b">DEDUC</subfield>
   <subfield code="h">LG 995 2009 E35</subfield>
   <subfield code="i">M67</subfield>
  </datafield>
  <datafield tag="942" ind1=" " ind2=" ">
   <subfield code="a">Thesis</subfield>
  </datafield>
 </record>
</collection>
